Financial innovations and their implications for monetary policy : an international perspective
Αποθηκεύτηκε σε:
| Κύριος συγγραφέας: | |
|---|---|
| Μορφή: | Βιβλίο |
| Γλώσσα: | English |
| Δημοσίευση: |
[s.l.] :
Bank for international settlements,
1983
|
| Σειρά: | BIS economic papers ;
; 9 |
| Θέματα: | |
| Ετικέτες: |
Προσθήκη ετικέτας
Δεν υπάρχουν, Καταχωρήστε ετικέτα πρώτοι!
|
MARC
| LEADER | 00000cam a2200000 i 4500 | ||
|---|---|---|---|
| 001 | 1/84534 | ||
| 008 | 990624s1983 eng d | ||
| 035 | |l 10051628 | ||
| 040 | |a GR-MY-UA |b gre |e aacr | ||
| 041 | 0 | |a eng | |
| 082 | 0 | |a 332.4566 | |
| 100 | 1 | |a Akhtar, M. A. |q (Mahmud A.) | |
| 245 | 1 | 0 | |a Financial innovations and their implications for monetary policy : |b an international perspective / |c M.A. Akhtar |
| 260 | |a [s.l.] : |b Bank for international settlements, |c 1983 | ||
| 300 | |a 63 p. | ||
| 490 | 1 | |a BIS economic papers |v ; 9 | |
| 504 | |a Includes bibliography | ||
| 650 | 0 | 0 | |a Monetary policy. |
| 650 | 0 | 0 | |a Banks and banking. |
| 650 | 0 | 0 | |a Money. |
| 830 | 0 | |a BIS economic papers ; |v ; 9 | |
| 852 | |a INST |b CHIOS |e 19990624 |h 332.4566 AKH |p 005200014291 |q 005200014291 |t BK |y 0 | ||
| 901 | |a BIBL1-1999-2 | ||
| 909 | |a Χ |b 055837 | ||
| 970 | |a ΣΠΕΝΤΖΑ |b ΕΛΕΝΗ |z 1999/06/23 | ||